| 000 | 00641nam a2200193Ia 4500 | ||
|---|---|---|---|
| 003 | GCL | ||
| 008 | 140319s9999 xx 000 0 ara d | ||
| 040 |
_aGCL / _cGCL |
||
| 082 | 0 | 4 |
_a812.043 _bع ق |
| 100 | 1 | _aعلى احمد باكثير | |
| 245 | 1 | 0 |
_aقطط وفيران : _bمسرحية فكاهية اجتماعية فى ثلاثة فصول / _cعلى احمد باكثير |
| 260 |
_aالقاهرة : _bمكتبة مصر ، _c1980 |
||
| 300 |
_a130 ص ؛ _c20 سم |
||
| 490 | _a | ||
| 650 | 0 | 4 | _aالادب العربى |
| 650 | 0 | 4 | _aالمسرح العربى |
| 650 | 0 | 4 | _aالمسرحيات العربية |
| 942 |
_2ddc _cBK |
||
| 999 |
_c34316 _d34316 |
||